| 000 | 00589cam a22002053a 4500 | ||
|---|---|---|---|
| 001 | 44376 | ||
| 003 | PGUSA | ||
| 005 | 20140828084020.0 | ||
| 008 | 131206s2013||||xxu|||||s|||||000 | eng d | ||
| 040 |
_aPGUSA _beng |
||
| 042 | _adc | ||
| 100 | 1 |
_aAddison, C. G. _q(Charles Greenstreet), _d-1866 |
|
| 245 | 1 | 4 |
_aThe Knights Templars _h[electronic resource] / _cC. G. Addison |
| 260 |
_bProject Gutenberg, _c2013 |
||
| 506 | _aPublic domain in the USA. | ||
| 516 | _aElectronic text | ||
| 830 | 0 |
_aProject Gutenberg _v44376 |
|
| 856 | 4 | 0 | _uhttp://www.gutenberg.org/ebooks/44376 |
| 942 | _cEB | ||
| 999 |
_c273627 _d273627 |
||